<?xml version='1.0' encoding='UTF-8'?>
  <record xmlns="http://www.loc.gov/MARC21/slim">
    <leader>00000cam a2200000Mi 4500</leader>
    <controlfield tag="001">ocm63798564</controlfield>
    <controlfield tag="003">OCoLC</controlfield>
    <controlfield tag="005">20240724022824.2</controlfield>
    <controlfield tag="008">851212s1937    sp            000 0 spa d</controlfield>
    <datafield tag="040" ind1=" " ind2=" ">
      <subfield code="a">NLGGC</subfield>
      <subfield code="b">dut</subfield>
      <subfield code="e">fobidrtb</subfield>
      <subfield code="c">NLGGC</subfield>
      <subfield code="d">HIN</subfield>
      <subfield code="d">OCLCF</subfield>
      <subfield code="d">OCLCO</subfield>
      <subfield code="d">OCLCQ</subfield>
      <subfield code="d">OCL</subfield>
      <subfield code="d">QGJ</subfield>
      <subfield code="d">OCL</subfield>
      <subfield code="d">OCLCO</subfield>
      <subfield code="d">OCLCL</subfield>
      <subfield code="d">OCLCQ</subfield>
    </datafield>
    <datafield tag="029" ind1="0" ind2=" ">
      <subfield code="a">NLGGC</subfield>
      <subfield code="b">854055495</subfield>
    </datafield>
    <datafield tag="035" ind1=" " ind2=" ">
      <subfield code="a">(OCoLC)63798564</subfield>
    </datafield>
    <datafield tag="043" ind1=" " ind2=" ">
      <subfield code="a">e-sp---</subfield>
    </datafield>
    <datafield tag="100" ind1="1" ind2=" ">
      <subfield code="a">Azaña Díaz, Manuel,</subfield>
      <subfield code="d">1880-1940.</subfield>
    </datafield>
    <datafield tag="245" ind1="1" ind2="0">
      <subfield code="a">Habla el presidente :</subfield>
      <subfield code="b">discurso pronunciado por S.E. el Presidente de la República, Don Manuel Azaña, en el Universidad de Valencia el 18 de julio de 1937.</subfield>
    </datafield>
    <datafield tag="260" ind1=" " ind2=" ">
      <subfield code="a">[Madrid] :</subfield>
      <subfield code="b">Sucesores de Rivadenayra (S. A.),</subfield>
      <subfield code="c">[1937]</subfield>
    </datafield>
    <datafield tag="300" ind1=" " ind2=" ">
      <subfield code="a">30 p. ;</subfield>
      <subfield code="c">16 cm.</subfield>
    </datafield>
    <datafield tag="530" ind1=" " ind2=" ">
      <subfield code="a">Also available in online version.</subfield>
    </datafield>
    <datafield tag="651" ind1=" " ind2="0">
      <subfield code="a">Spain</subfield>
      <subfield code="x">History</subfield>
      <subfield code="y">Civil War, 1936-1939.</subfield>
    </datafield>
    <datafield tag="651" ind1=" " ind2="6">
      <subfield code="a">Espagne</subfield>
      <subfield code="x">Histoire</subfield>
      <subfield code="y">1936-1939 (Guerre civile)</subfield>
    </datafield>
    <datafield tag="651" ind1=" " ind2="7">
      <subfield code="a">Spain.</subfield>
      <subfield code="2">fast</subfield>
      <subfield code="0">(OCoLC)fst01204303</subfield>
      <subfield code="1">https://id.oclc.org/worldcat/entity/E39PBJqFTrvj6Mhw6JfTGmqJDq</subfield>
    </datafield>
    <datafield tag="647" ind1=" " ind2="7">
      <subfield code="a">Spanish Civil War</subfield>
      <subfield code="c">(Spain :</subfield>
      <subfield code="d">1936-1939)</subfield>
      <subfield code="2">fast</subfield>
      <subfield code="0">(OCoLC)fst01352321</subfield>
      <subfield code="1">https://id.oclc.org/worldcat/entity/E39Qhp4vBbkGfpVFtWm8Hr9xBX</subfield>
    </datafield>
    <datafield tag="648" ind1=" " ind2="7">
      <subfield code="a">1936-1939</subfield>
      <subfield code="2">fast</subfield>
    </datafield>
    <datafield tag="655" ind1=" " ind2="7">
      <subfield code="a">History.</subfield>
      <subfield code="2">fast</subfield>
      <subfield code="0">(OCoLC)fst01411628</subfield>
    </datafield>
    <datafield tag="776" ind1="0" ind2="8">
      <subfield code="i">Online version:</subfield>
      <subfield code="a">Azaña Díaz, Manuel,</subfield>
      <subfield code="t">Habla el presidente : [Madrid] : Sucesores de Rivadenayra (S. A.), [1937]</subfield>
    </datafield>
    <datafield tag="856" ind1="4" ind2=" ">
      <subfield code="a">http://objects.library.uu.nl/reader/resolver.php?obj=000984154&amp;type=2</subfield>
      <subfield code="x">Online</subfield>
      <subfield code="z">Full text</subfield>
    </datafield>
  </record>